<?xml version="1.0" encoding="UTF-8"?>
<record
    xmlns:xsi="http://www.w3.org/2001/XMLSchema-instance"
    xsi:schemaLocation="http://www.loc.gov/MARC21/slim http://www.loc.gov/standards/marcxml/schema/MARC21slim.xsd"
    xmlns="http://www.loc.gov/MARC21/slim">

  <leader>03370nam a22002777a 4500</leader>
  <controlfield tag="003">DO-SdBJH</controlfield>
  <controlfield tag="005">20260703211740.0</controlfield>
  <controlfield tag="008">260703b2025    |||||||| |||| 00| 0 spa d</controlfield>
  <datafield tag="040" ind1=" " ind2=" ">
    <subfield code="a">DO-SdBJH</subfield>
    <subfield code="b">spa</subfield>
    <subfield code="c">DO-SdBJH</subfield>
  </datafield>
  <datafield tag="041" ind1="0" ind2=" ">
    <subfield code="a">spa</subfield>
  </datafield>
  <datafield tag="090" ind1=" " ind2=" ">
    <subfield code="a">CT CM-0026</subfield>
    <subfield code="b">AMBC 2025</subfield>
  </datafield>
  <datafield tag="100" ind1="1" ind2=" ">
    <subfield code="a">V&#xE1;squez De La Rosa, Luis Enrique</subfield>
    <subfield code="e">sustentante</subfield>
  </datafield>
  <datafield tag="245" ind1="1" ind2="3">
    <subfield code="a">La integraci&#xF3;n y efectividad de unidades de drones en la caballer&#xED;a a&#xE9;rea para mejorar la seguridad fronteriza en El&#xED;as Pi&#xF1;a :</subfield>
    <subfield code="b">a&#xF1;o 2022-2025 / </subfield>
    <subfield code="c">Luis Enrique V&#xE1;squez De La Rosa, Yeilin Familia ; asesor metodol&#xF3;gico Reynaldo Cruz Camacho ; asesor de contenido Janet Ruiz S&#xE1;nchez.</subfield>
  </datafield>
  <datafield tag="260" ind1=" " ind2=" ">
    <subfield code="a">Santo Domingo, Rep&#xFA;blica Dominicana :</subfield>
    <subfield code="b">UNADE,</subfield>
    <subfield code="c">2025.</subfield>
  </datafield>
  <datafield tag="300" ind1=" " ind2=" ">
    <subfield code="a">xi, 52, [03] p&#xE1;ginas.</subfield>
  </datafield>
  <datafield tag="502" ind1=" " ind2=" ">
    <subfield code="a">Tesis y trabajos de grado (Licenciatura en Ciencias Militares)--Universidad Nacional para la Defensa "General Juan Pablo Duarte y D&#xED;ez", Academia Militar "Batalla de las Carreras", Santo Domingo, 2025.</subfield>
  </datafield>
  <datafield tag="504" ind1=" " ind2=" ">
    <subfield code="a">Incluye referencias bibliogr&#xE1;ficas y anexos.</subfield>
  </datafield>
  <datafield tag="505" ind1=" " ind2=" ">
    <subfield code="a">Evoluci&#xF3;n, marco legal y doctrinal de la integraci&#xF3;n de drones en las operaciones de seguridad fronteriza en El&#xED;as Pi&#xF1;a -- Factores que inciden en la integraci&#xF3;n de drones en la caballer&#xED;a a&#xE9;rea para mejorar la seguridad fronteriza en El&#xED;as Pi&#xF1;a -- Propuesta de integraci&#xF3;n de una unidad de drones para el Escuadr&#xF3;n de Caballer&#xED;a A&#xE9;rea en la Provincia de El&#xED;as Pi&#xF1;a.</subfield>
  </datafield>
  <datafield tag="520" ind1=" " ind2=" ">
    <subfield code="a">Este estudio analiza la integraci&#xF3;n y efectividad de unidades de drones en la caballer&#xED;a a&#xE9;rea como estrategia para mejorar la seguridad fronteriza en la provincia de El&#xED;as Pi&#xF1;a durante el periodo 2022-2024. La investigaci&#xF3;n se enfoca en evaluar como el uso de veh&#xED;culos a&#xE9;reos no tripulados ha fortalecido las operaciones de vigilancia, reconocimiento y respuesta r&#xE1;pida en la zona hist&#xF3;ricamente vulnerable a actividades il&#xED;citas como el contrabando, la migraci&#xF3;n irregular y el trafico de sustancias prohibidas. A trav&#xE9;s de un enfoque cuantitativo. El m&#xE9;todo cuantitativo permitir&#xE1; analizar datos objetivos, como el costo de los drones, el numero de accidentes detectados y las respuestas en comparaci&#xF3;n con los m&#xE9;todos tradicionales. La introducci&#xF3;n de esta tecnolog&#xED;a ha permitido reducir el tiempo de respuesta ante incidentes y ha optimizado la asignaci&#xF3;n de recursos humanos, disminuyendo los riesgos para el personal en el campo. El documento nos dice que la incorporaci&#xF3;n de drones no solo representa un avance tecnol&#xF3;gico para mejorar la defensa, los elementos claves de la modernizaci&#xF3;n eficiencia de las Fuerzas Armadas en contextos fronterizos Se recomienda fortalecer la capacitaci&#xF3;n t&#xE9;cnica del personal, aumentar la inversi&#xF3;n en equipos especializados y establecer protocolos mas integrados para maximizar los beneficios operativos de esta tecnolog&#xED;a</subfield>
  </datafield>
  <datafield tag="650" ind1=" " ind2="7">
    <subfield code="2">lemb</subfield>
    <subfield code="a">Veh&#xED;culos a&#xE9;reos no tripulados</subfield>
    <subfield code="v">Tesis y disertaciones acad&#xE9;micas</subfield>
    <subfield code="x">Aplicaciones militares</subfield>
    <subfield code="x">Vigilancia fronteriza</subfield>
    <subfield code="y">2022-2025</subfield>
    <subfield code="z">El&#xED;as Pi&#xF1;a</subfield>
    <subfield code="z">Rep&#xFA;blica Dominicana</subfield>
  </datafield>
  <datafield tag="650" ind1=" " ind2="7">
    <subfield code="2">lemb</subfield>
    <subfield code="a">Vigilancia fronteriza</subfield>
    <subfield code="v">Tesis y disertaciones acad&#xE9;micas</subfield>
    <subfield code="x">Innovaciones tecnol&#xF3;gicas</subfield>
    <subfield code="x">Operaciones militares</subfield>
    <subfield code="y">2022-2025</subfield>
    <subfield code="z">El&#xED;as Pi&#xF1;a</subfield>
    <subfield code="z">Rep&#xFA;blica Dominicana</subfield>
  </datafield>
  <datafield tag="700" ind1="1" ind2=" ">
    <subfield code="a">Familia, Yeilin</subfield>
    <subfield code="e">sustentante</subfield>
  </datafield>
  <datafield tag="700" ind1="1" ind2=" ">
    <subfield code="a">Cruz Camacho, Reynaldo</subfield>
    <subfield code="e">asesor metodol&#xF3;gico</subfield>
  </datafield>
  <datafield tag="700" ind1="1" ind2=" ">
    <subfield code="a">Ruiz S&#xE1;nchez, Janet</subfield>
    <subfield code="e">asesor de contenido</subfield>
  </datafield>
  <datafield tag="942" ind1=" " ind2=" ">
    <subfield code="2">CL</subfield>
    <subfield code="c">T</subfield>
  </datafield>
  <datafield tag="999" ind1=" " ind2=" ">
    <subfield code="c">8752</subfield>
    <subfield code="d">8752</subfield>
  </datafield>
  <datafield tag="952" ind1=" " ind2=" ">
    <subfield code="0">0</subfield>
    <subfield code="1">0</subfield>
    <subfield code="2">CL</subfield>
    <subfield code="4">0</subfield>
    <subfield code="7">0</subfield>
    <subfield code="8">TG</subfield>
    <subfield code="a">BJHA</subfield>
    <subfield code="b">BJHA</subfield>
    <subfield code="c">GEN</subfield>
    <subfield code="d">2026-07-03</subfield>
    <subfield code="i">25-02609</subfield>
    <subfield code="l">0</subfield>
    <subfield code="o">CT CM-0026 AMBC 2025</subfield>
    <subfield code="p">25-02609</subfield>
    <subfield code="r">2026-07-03 18:50:33</subfield>
    <subfield code="t">e.1</subfield>
    <subfield code="w">2026-07-03</subfield>
    <subfield code="y">T</subfield>
  </datafield>
</record>
